Countries with the Highest Adolescent Fertility Rate A-Z - Statistics

General Stats
  • This quiz has been taken 40 times
  • The average score is 15 of 24
Answer Stats
Letter Births Country % Correct
Z 199 Zambia
94%
Q 8 Qatar
91%
O 10 Oman
88%
Y 56 Yemen
88%
V 84 Venezuela
79%
D 110 Democratic Republic of the Congo
76%
U 110 Uganda
73%
A 140 Angola
67%
B 112 Burkina Faso
67%
G 117 Guinea
67%
H 73 Honduras
67%
J 33 Jamaica
67%
N 173 Niger
67%
R 105 Republic of the Congo
64%
K 65 Kenya
61%
S 119 Somalia
61%
C 161 Central African Republic
58%
T 124 Tanzania
58%
F 36 Federated States of Micronesia
45%
L 126 Liberia
45%
M 168 Mozambique
45%
I 106 Ivory Coast
42%
P 71 Panama / Paraguay
42%
E 144 Equatorial Guinea
39%
No matching quizzes found
Score Distribution
Percent of People with Each Score
Percentile by Number Answered
Your Score History
You have not taken this quiz